[Event "East Detroit (MCO/2/42)"]
[Site "?"]
[Date "1985.??.??"]
[Round "?"]
[White "Stefanski, Mark"]
[Black "Solski, Jeff"]
[Result "1-0"]
[WhiteElo "1630"]
[BlackElo "1605"]
[PlyCount "47"]
[EventDate "1985.??.??"]

{2/(42)} 1. e4 d6 2. d4 Nf6 3. Nc3 g6 4. Bg5 Bg7 5. Qd2 h6 6. Be3 Nc6 7. h3 Bd7
8. Bc4 e5 9. Nf3 Nh5 10. dxe5 dxe5 11. Rd1 Nf4 12. Bxf4 exf4 13. Bxf7+ Kxf7 14.
Qxd7+ Qxd7 15. Rxd7+ Ke6 16. Rxg7 Ne5 17. Nxe5 Kxe5 18. O-O Rad8 19. Rxc7 Rd2
20. Rc5+ Kd4 21. Rd5+ Kc4 22. Rxd2 h5 23. Rd5 Rf8 24. Rfd1 1-0

[Event "East Detroit (MCO/5/21)"]
[Site "?"]
[Date "1985.??.??"]
[Round "?"]
[White "Stefanski, Mark"]
[Black "Groeller, W.."]
[Result "0-1"]
[WhiteElo "1630"]
[BlackElo "2165"]
[PlyCount "84"]
[EventDate "1985.??.??"]

{5/(21)} 1. e4 c5 2. Nc3 Nc6 3. Nge2 g6 4. d3 Bg7 5. Bg5 d6 6. h3 Nf6 7. Qd2 a6
8. Bh6 O-O 9. Bxg7 Kxg7 10. g3 e5 11. Bg2 Nd4 12. O-O Bxh3 13. Nxd4 Bxg2 14.
Nf5+ gxf5 15. Kxg2 f4 16. Rh1 Rg8 17. gxf4 Kh8+ 18. Kf3 Rg4 19. fxe5 dxe5 20.
Nd5 Rg6 21. Nxf6 Qxf6+ 22. Ke2 Rag8 23. Qe3 Qg5 24. Qh3 Qg4+ 25. Qxg4 Rxg4 26.
Rh3 Rg1 27. Rxg1 Rxg1 28. Rh6 Rg6 29. Rxg6 fxg6 30. Kf3 h5 31. b3 b5 32. c3 b4
33. cxb4 cxb4 34. Kg3 g5 35. f3 Kg7 36. Kh3 Kf6 37. Kg3 Ke6 38. Kf2 Kd6 39. Ke3
h4 40. Kf2 Kc5 41. Ke3 a5 42. f4 gxf4+ 0-1

[Event "Westland (SEMO Res/1b/25)"]
[Site "?"]
[Date "1985.??.??"]
[Round "?"]
[White "Stefanski, Mark"]
[Black "Aguilar, Javier"]
[Result "1-0"]
[WhiteElo "1605"]
[BlackElo "1605"]
[PlyCount "81"]
[EventDate "1985.??.??"]

1. e4 e6 2. d4 d5 3. Nd2 c5 4. c3 Ne7 5. Bb5+ Bd7 6. Bxd7+ Qxd7 7. exd5 cxd4 8.
dxe6 fxe6 9. c4 Na6 10. a3 Nc6 11. b4 Ne5 12. Qe2 Bd6 13. c5 Bc7 14. Bb2 O-O-O
15. Rc1 d3 16. Qe4 Qd5 17. Kd1 Qxe4 18. Nxe4 Kb8 19. Bxe5 Bxe5 20. Rb1 Rd4 21.
Ng5 Rf4 22. N1f3 h6 23. Nxe5 hxg5 24. Ng6 Rhf8 25. Nxf8 Rxf8 26. f3 Nc7 27. Kd2
Rd8 28. Rhe1 Rd4 29. Re4 Rd8 30. b5 Nd5 31. g3 Rf8 32. Rf1 g4 33. f4 g5 34.
Kxd3 gxf4 35. Kd4 Rd8 36. Ke5 Ne3 37. Rfxf4 Rd5+ 38. Kxe6 Rd3 39. Rd4 Rxa3 40.
Rf8+ Kc7 41. Rd7# 1-0

[Event "Westland (SEMO Res/2/27)"]
[Site "?"]
[Date "1985.??.??"]
[Round "?"]
[White "Stallard, J.."]
[Black "Gentry, S.."]
[Result "0-1"]
[WhiteElo "1605"]
[BlackElo "1695"]
[PlyCount "132"]
[EventDate "1985.??.??"]

{2/(27)} 1. d4 Nf6 2. Nf3 b6 3. e3 Bb7 4. Bd3 g6 5. O-O Bg7 6. Nbd2 O-O 7. Re1
d5 8. c3 Nbd7 9. Qc2 c5 10. b3 Rc8 11. a4 Qc7 12. Ba3 e5 13. Nxe5 Nxe5 14. dxe5
Qxe5 15. Nf3 Qh5 16. Be2 Ne4 17. Bb2 Qf5 18. c4 Bxb2 19. Qxb2 Nd6 20. Rad1 Qe6
21. cxd5 Bxd5 22. Qd2 Bxf3 23. Bxf3 Ne4 24. Qd7 Ng5 25. Qxe6 Nxe6 26. Rd7 Rc7
27. Red1 Rfc8 28. Bg4 f5 29. Be2 Rxd7 30. Rxd7 Rc7 31. Bc4 Rxd7 32. Bxe6+ Rf7
33. h4 Kf8 34. Bxf7 Kxf7 35. Kf1 Ke6 36. Ke2 Kd5 37. Kd3 a6 38. f3 b5 39. e4+
fxe4+ 40. fxe4+ Ke5 41. a5 h6 42. g3 g5 43. h5 g4 44. Ke3 c4 45. b4 c3 46. Kd3
c2 47. Kxc2 Kxe4 48. Kc3 Kf3 49. Kd4 Kxg3 50. Kc5 Kh2 51. Kb6 g3 52. Kxa6 g2
53. Kxb5 g1=Q 54. Ka6 Qf1+ 55. b5 Qe2 56. Kb6 Qe6+ 57. Ka7 Qd7+ 58. Ka6 Qc8+
59. Ka7 Qc7+ 60. Ka6 Qb8 61. b6 Qa8+ 62. Kb5 Qb7 63. a6 Qd5+ 64. Ka4 Qc4+ 65.
Ka5 Qc5+ 66. Ka4 Qxb6 0-1

[Event "Westland (SEMO Res/5/28)"]
[Site "?"]
[Date "1985.??.??"]
[Round "?"]
[White "Stallard, J.."]
[Black "Bachmayer, C.."]
[Result "0-1"]
[WhiteElo "1605"]
[BlackElo "1765"]
[PlyCount "24"]
[EventDate "1985.??.??"]

{5/(28)} 1. d4 Nf6 2. Nf3 g6 3. Bf4 d6 4. c4 Bg7 5. Nc3 O-O 6. Qd2 Nbd7 7. Rd1
c5 8. dxc5 Nxc5 9. Qc1 Nfe4 10. Nxe4 Nxe4 11. a3 Qb6 12. b4 Qxf2# 0-1

[Event "East Lansing (MI Op/3/10)"]
[Site "?"]
[Date "1985.??.??"]
[Round "?"]
[White "Sprague, A.."]
[Black "Norcross, John"]
[Result "1/2-1/2"]
[WhiteElo "1845"]
[BlackElo "2065"]
[PlyCount "126"]
[EventDate "1985.??.??"]

{3/(10)} 1. e4 e5 2. Nf3 Nc6 3. Bc4 Nf6 4. Ng5 d5 5. exd5 Na5 6. Bb5+ c6 7.
dxc6 bxc6 8. Qf3 Rb8 9. Ba4 Be7 10. d3 O-O 11. Nc3 h6 12. Nge4 Nd5 13. O-O f5
14. Ng3 Be6 15. Bb3 Nxb3 16. axb3 Qc7 17. Re1 Bf6 18. Qh5 Qd7 19. Na4 Be7 20.
Rxe5 f4 21. Nf1 Bf6 22. Nc5 Qf7 23. Qxf7+ Bxf7 24. Rxd5 Bxd5 25. Nd7 Rbe8 26.
Nxf8 Re1 27. Nd7 f3 28. Nxf6+ gxf6 29. g4 Be6 30. b4 Bxg4 31. b3 Bh3 32. Bb2
Re2 33. Rc1 f5 34. Ng3 Re6 35. Bc3 f4 36. Re1 fxg3 37. fxg3 Kf7 38. Kf2 Bg4 39.
Rxe6 Kxe6 40. h3 Bxh3 41. Kxf3 h5 42. Ke3 Bg4 43. Bd4 a6 44. Kd2 Kd5 45. Be3
Ke5 46. c4 Bf3 47. Kc3 Be2 48. Bf4+ Kf5 49. Bc7 Ke6 50. Bf4 Bd1 51. d4 Be2 52.
Kb2 Bd3 53. Ka3 Kd7 54. Ka4 Kc8 55. Ka5 Kb7 56. Bg5 Be2 57. Ka4 Kc8 58. Ka3 Kd7
59. Kb2 Ke6 60. Kc2 Kf5 61. Kd2 Bf3 62. Bd8 Ke4 63. Kc3 Be2 1/2-1/2

[Event "East Lansing (MI Op/6/12)"]
[Site "?"]
[Date "1985.??.??"]
[Round "?"]
[White "Sprague, A.."]
[Black "Mason, D.."]
[Result "0-1"]
[WhiteElo "1845"]
[BlackElo "2035"]
[PlyCount "52"]
[EventDate "1985.??.??"]

{6/(12)} 1. Nf3 Nf6 2. g3 b6 3. Bg2 Bb7 4. O-O e6 5. c4 Be7 6. d3 d5 7. b3 O-O
8. Bb2 c5 9. Nbd2 d4 10. e3 dxe3 11. fxe3 Qxd3 12. Re1 Qd8 13. e4 Nc6 14. e5
Nd7 15. Qe2 Qc7 16. Rad1 Rfd8 17. h4 Nf8 18. Kh2 Rd7 19. Ne4 Rad8 20. Rxd7 Rxd7
21. Qe3 Nd4 22. Nxd4 Qxe5 23. Nf3 Qxb2 24. Re2 Qa1 25. Qf4 Bxe4 26. Ne5 Bd6 0-1

[Event "East Lansing (MI Op/1b/8)"]
[Site "?"]
[Date "1985.??.??"]
[Round "?"]
[White "Sprague, A.."]
[Black "Everett, Morgan"]
[Result "1-0"]
[WhiteElo "1845"]
[BlackElo "2120"]
[PlyCount "90"]
[EventDate "1985.??.??"]

1. e4 e5 2. Nf3 Nc6 3. Bb5 a6 4. Bxc6 dxc6 5. O-O Bg4 6. d3 Bd6 7. h3 Bh5 8.
Be3 c5 9. a4 Ne7 10. Nbd2 O-O 11. g4 Bg6 12. Nc4 f6 13. Nh4 Nc6 14. c3 Qd7 15.
Nf5 Bxf5 16. gxf5 b5 17. Nd2 Kh8 18. Nf3 g6 19. Nh4 g5 20. Nf3 Qf7 21. Kg2 Qh5
22. Nh2 Qxd1 23. Rfxd1 Rfd8 24. Nf3 Na5 25. d4 cxd4 26. cxd4 Nc4 27. axb5 axb5
28. b3 Nxe3+ 29. fxe3 h6 30. Kf2 Kg7 31. Ke2 Kf7 32. Kd3 Rg8 33. Rdc1 Ke7 34.
b4 h5 35. Ra5 Rab8 36. Ra7 Kd7 37. Ng1 g4 38. hxg4 Rxg4 39. Nf3 h4 40. dxe5
fxe5 41. Rcxc7+ Bxc7 42. Nxe5+ Kd6 43. Nxg4 h3 44. e5+ Kc6 45. Ke4 Rh8 1-0

[Event "East Detroit (MCO/1/40)"]
[Site "?"]
[Date "1985.??.??"]
[Round "?"]
[White "Solski, Jeff"]
[Black "Kung, Fred"]
[Result "0-1"]
[WhiteElo "1605"]
[BlackElo "1740"]
[PlyCount "44"]
[EventDate "1985.??.??"]

{1/(40)} 1. Nf3 d5 2. g3 Bf5 3. Bg2 c5 4. O-O Nc6 5. d3 e5 6. Nbd2 Nf6 7. c4 d4
8. Qb3 Qd7 9. Ng5 Be7 10. Nge4 O-O 11. Nxf6+ Bxf6 12. Ne4 Be7 13. e3 Be6 14.
Qb5 dxe3 15. Nxc5 exf2+ 16. Rxf2 Qd4 17. Ne4 f5 18. Ng5 Bc5 19. Nh3 f4 20. Qxb7
Bxh3 21. Qxc6 Qxf2+ 22. Kh1 Qe1+ 0-1

[Event "East Detroit (MCO/4/51)"]
[Site "?"]
[Date "1985.??.??"]
[Round "?"]
[White "Solski, Jeff"]
[Black "Branscum, J.."]
[Result "0-1"]
[WhiteElo "1605"]
[BlackElo "1605"]
[PlyCount "58"]
[EventDate "1985.??.??"]

{4/(51)} 1. e4 e5 2. f4 Nc6 3. c3 Nf6 4. d3 Bd6 5. Nf3 Qe7 6. Be2 O-O 7. O-O
Bc5+ 8. d4 Bb6 9. fxe5 Nxe5 10. Kh1 Nxf3 11. Bxf3 d6 12. Bg5 h6 13. Bxf6 Qxf6
14. Nd2 c6 15. Nc4 Bc7 16. Qb3 d5 17. Ne5 Bxe5 18. dxe5 Qxe5 19. exd5 c5 20. d6
Be6 21. Qxb7 Rfd8 22. Rae1 Qxd6 23. Rd1 Qb6 24. Rxd8+ Rxd8 25. Qe7 Rf8 26. b4
Qa6 27. Rd1 Qxa2 28. Qh4 Re8 29. Qf2 Qxf2 0-1

[Event "Westland (SEMO/1b/9)"]
[Site "?"]
[Date "1985.??.??"]
[Round "?"]
[White "Smith, Walt"]
[Black "Steverson, Bunnard"]
[Result "1-0"]
[WhiteElo "2035"]
[BlackElo "1645"]
[PlyCount "95"]
[EventDate "1985.??.??"]

1. e4 c5 2. Nf3 Nc6 3. c3 Nf6 4. e5 Nd5 5. d4 d6 6. exd6 Qxd6 7. Bb5 Bd7 8. O-O
cxd4 9. cxd4 a6 10. Bxc6 Bxc6 11. Nc3 e6 12. Ne4 Qc7 13. Ne5 Bd6 14. Qh5 O-O
15. Bd2 f6 16. Nc4 Nf4 17. Bxf4 Bxf4 18. Nc5 Be8 19. Qf3 Bxh2+ 20. Kh1 Bd7 21.
Qxb7 Qxb7 22. Nxb7 Bf4 23. Nc5 Ra7 24. Nb6 Bb5 25. Rfe1 e5 26. a4 Bc6 27. d5
Rb8 28. a5 Bd2 29. dxc6 Bxe1 30. Rxe1 Kf7 31. Rd1 Ke7 32. Rd7+ Rxd7 33. Ncxd7
Rh8 34. c7 Rc8 35. Nb8 Rxc7 36. Nd5+ Kd6 37. Nxc7 Kxc7 38. Nxa6+ Kb7 39. Nb4 h5
40. Kh2 g5 41. Kg3 f5 42. f3 h4+ 43. Kf2 g4 44. Nc2 Ka6 45. b4 g3+ 46. Ke2 e4
47. fxe4 fxe4 48. Ne1 1-0

[Event "Westland (SEMO/5/5)"]
[Site "?"]
[Date "1985.??.??"]
[Round "?"]
[White "Smith, Walt"]
[Black "Poschel, Paul"]
[Result "1/2-1/2"]
[WhiteElo "2035"]
[BlackElo "2320"]
[PlyCount "92"]
[EventDate "1985.??.??"]

{5/(5)} 1. e4 c5 2. Nf3 e6 3. d4 cxd4 4. Nxd4 Nf6 5. Nc3 Nc6 6. Be3 Bb4 7. Bd3
d5 8. exd5 Nxd5 9. Nde2 Nxe3 10. fxe3 O-O 11. O-O Ne5 12. Ne4 f5 13. Nf2 Bc5
14. Qd2 Qb6 15. Nd1 Bd7 16. Kh1 Rad8 17. Nf4 Bb5 18. Qc3 Nxd3 19. cxd3 Rfe8 20.
Rf3 Bf8 21. d4 Bc6 22. Rf1 Qb4 23. a3 Qxc3 24. Nxc3 e5 25. Nfe2 exd4 26. Nxd4
g6 27. Nxc6 bxc6 28. Nd1 Rd2 29. Rc1 Re6 30. Kg1 Bh6 31. Rf2 Red6 32. Rxd2 Rxd2
33. Kf1 Kf7 34. b3 Ke7 35. Ke1 Rd6 36. Rc4 Bg7 37. Rh4 h5 38. Ra4 Rd7 39. e4
fxe4 40. Rxe4+ Kd6 41. Kd2 Kc5+ 42. Kc2 Bh6 43. Re5+ Kb6 44. Ne3 Rf7 45. Nc4+
Kc7 46. Re2 Bg7 1/2-1/2

[Event "Westland (SEMO/3/11)"]
[Site "?"]
[Date "1985.??.??"]
[Round "?"]
[White "Smith, Walt"]
[Black "Manion, Tom"]
[Result "1-0"]
[WhiteElo "2035"]
[BlackElo "1820"]
[PlyCount "55"]
[EventDate "1985.??.??"]

{3/(11)} 1. e4 e5 2. Nf3 Nf6 3. Nc3 Bb4 4. Bc4 Nc6 5. O-O O-O 6. Nd5 Bc5 7. d3
h6 8. c3 d6 9. b4 Bb6 10. a4 a6 11. Nxb6 cxb6 12. Be3 Bg4 13. h3 Bh5 14. g4
Nxg4 15. hxg4 Bxg4 16. Kg2 Qf6 17. Rh1 Qg6 18. Nh4 Qh5 19. f3 Bd7 20. Qg1 b5
21. Ba2 bxa4 22. Nf5 Qg6+ 23. Kf2 Bxf5 24. exf5 Qxg1+ 25. Raxg1 Kh7 26. f6 Rg8
27. Bxf7 g5 28. Rxh6+ 1-0

[Event "East Detroit (MCO/2/18)"]
[Site "?"]
[Date "1985.??.??"]
[Round "?"]
[White "Smith, Walt"]
[Black "Hawley, T.."]
[Result "1-0"]
[WhiteElo "1985"]
[BlackElo "1605"]
[PlyCount "52"]
[EventDate "1985.??.??"]

{2/(18)} 1. e4 c5 2. Nf3 d6 3. Be2 Nc6 4. Nc3 Nf6 5. d4 cxd4 6. Nxd4 e6 7. Be3
a6 8. Qd2 Be7 9. f4 Bd7 10. O-O Qc7 11. Rad1 O-O 12. Qe1 Rad8 13. Qf2 Nxd4 14.
Bxd4 Rc8 15. Qg3 g6 16. e5 Ne8 17. Bd3 Ng7 18. Qh3 d5 19. Rf3 f5 20. Qh6 Rf7
21. Rh3 Ne8 22. Nxd5 exd5 23. e6 Bxe6 24. Qxg6+ Rg7 25. Qxe6+ Rf7 26. Rxh7 Nf6
1-0

[Event "East Detroit (MCO/4/3)"]
[Site "?"]
[Date "1985.??.??"]
[Round "?"]
[White "Smith, Walt"]
[Black "Formanek, E.."]
[Result "0-1"]
[WhiteElo "1985"]
[BlackElo "2455"]
[PlyCount "84"]
[EventDate "1985.??.??"]

{4/(3)} 1. e4 c5 2. Nf3 e6 3. Nc3 a6 4. Be2 b5 5. a3 Bb7 6. d3 d6 7. O-O Be7 8.
Re1 Nf6 9. e5 dxe5 10. Nxe5 Nbd7 11. Bf4 Nxe5 12. Bxe5 O-O 13. Bf3 Bxf3 14.
Qxf3 Bd6 15. Bxf6 Qxf6 16. Qxf6 gxf6 17. Ne4 Be7 18. f4 f5 19. Ng3 Bf6 20. c3
Rfd8 21. Re3 a5 22. Kf1 b4 23. axb4 axb4 24. Rxa8 Rxa8 25. cxb4 cxb4 26. d4
Bxd4 27. Rb3 Bc5 28. Ke2 Kf8 29. Nf1 Ke7 30. Nd2 Rg8 31. g3 f6 32. Nc4 Ra8 33.
Ne3 Ra1 34. h4 Rg1 35. Kf2 Rc1 36. Ke2 h5 37. Nf1 e5 38. Ne3 Ke6 39. Rd3 e4 40.
Rd2 Rg1 41. Nf1 b3 42. Ke1 Bb4 0-1

[Event "East Lansing (MI Op/2/25)"]
[Site "?"]
[Date "1985.??.??"]
[Round "?"]
[White "Smith, Les L"]
[Black "Moore, Robert"]
[Result "1/2-1/2"]
[WhiteElo "1980"]
[BlackElo "1815"]
[PlyCount "116"]
[EventDate "1985.??.??"]

{2/(25)} 1. f4 d6 2. Nf3 Nf6 3. e3 c5 4. d4 cxd4 5. exd4 g6 6. c3 Bg7 7. Bd3 e6
8. Nbd2 O-O 9. O-O Nc6 10. Ng5 h6 11. Nge4 Nd5 12. Nc4 f5 13. Nexd6 a6 14. Nxc8
Rxc8 15. Qe1 Qe7 16. Qg3 Kh7 17. Bd2 b5 18. Ne5 Nxe5 19. dxe5 Rfd8 20. Rfd1 Bf8
21. Be1 Qa7+ 22. Bf2 Bc5 23. Bxc5 Qxc5+ 24. Kh1 Ne3 25. Rd2 Rc7 26. Re1 Nc4 27.
Bxf5 Rg8 28. Bxe6 Nxd2 29. Bxg8+ Kxg8 30. Qxg6+ Rg7 31. Qe6+ Kh8 32. Qxh6+ Kg8
33. Qe6+ Kh8 34. Qh3+ Kg8 35. Qe3 Qd5 36. Re2 Nc4 37. Qf2 Qd1+ 38. Re1 Qd5 39.
e6 Nd6 40. h3 Ne4 41. Qf3 Ng3+ 42. Kh2 Qxf3 43. gxf3 Nf5 44. Re5 Nh4 45. Re3
Kf8 46. Rd3 Ke8 47. b3 Rg2+ 48. Kh1 Rxa2 49. Kg1 Ke7 50. Re3 Nf5 51. Re5 Nh4
52. Kf1 Nxf3 53. Re2 Rxe2 54. Kxe2 Ng1+ 55. Ke3 Nxh3 56. f5 Ng5 57. b4 Nxe6 58.
fxe6 Kxe6 1/2-1/2

[Event "East Lansing (MI Op/4/31)"]
[Site "?"]
[Date "1985.??.??"]
[Round "?"]
[White "Smith, Les L"]
[Black "Lahr, Fred"]
[Result "1-0"]
[WhiteElo "1980"]
[BlackElo "1605"]
[PlyCount "115"]
[EventDate "1985.??.??"]

{4/(31)} 1. f4 d5 2. e3 Nc6 3. d4 Nf6 4. c3 Bg4 5. Nf3 e6 6. Nbd2 Bd6 7. Bd3
Ne7 8. O-O c6 9. Qe1 Bf5 10. e4 dxe4 11. Nxe4 Nxe4 12. Bxe4 c5 13. Bd2 O-O 14.
Rd1 Qc7 15. g3 Bg4 16. dxc5 Bxc5+ 17. Be3 Nf5 18. Bxc5 Qxc5+ 19. Rf2 Rfd8 20.
Rxd8+ Rxd8 21. Kh1 g6 22. Rd2 Nd6 23. Ne5 Bh3 24. Rd4 Qb6 25. Qd2 Kg7 26. Bg2
Bxg2+ 27. Kxg2 Ne4 28. Rxd8 Nxd2 29. Rxd2 Qe3 30. Nf3 h5 31. h4 Kf6 32. a3 Kf5
33. Rf2 Qe4 34. Kh3 b5 35. Kg2 a5 36. Kh3 Qe3 37. Kg2 Kf6 38. Nd4 Qe4+ 39. Kh2
Qd5 40. Re2 Qc4 41. Rd2 Ke7 42. Kg2 Qd5+ 43. Kh2 Qc5 44. Kg2 Kf8 45. Nf3 Qe3
46. Rf2 f6 47. Nd4 Qe4+ 48. Kh2 Kf7 49. Re2 Qd5 50. Rxe6 Qxe6 51. Nxe6 Kxe6 52.
Kg2 Kd5 53. b3 Ke4 54. Kf2 Kd3 55. a4 bxa4 56. bxa4 Kxc3 57. g4 hxg4 58. f5 1-0

[Event "East Lansing (MI Op/6/16)"]
[Site "?"]
[Date "1985.??.??"]
[Round "?"]
[White "Smith, Les L"]
[Black "Groeller, W.."]
[Result "0-1"]
[WhiteElo "1980"]
[BlackElo "2135"]
[PlyCount "58"]
[EventDate "1985.??.??"]

{6/(16)} 1. f4 d5 2. e3 Nf6 3. Nf3 Bg4 4. d4 Nbd7 5. Bd3 c5 6. c3 cxd4 7. exd4
e6 8. O-O Bd6 9. Qe1 Bxf3 10. Rxf3 O-O 11. Rh3 Re8 12. Qh4 Nf8 13. g4 Ne4 14.
g5 f5 15. gxf6 Qxf6 16. Bxe4 dxe4 17. Be3 Ng6 18. Qg4 Qf5 19. Qg2 Nxf4 20. Bxf4
Bxf4 21. Na3 Rf8 22. Re1 Rf6 23. Kh1 Rg6 24. Qf1 Rf8 25. Nc4 Rg4 26. Re2 Qg5
27. Rf2 Rf6 28. Rg2 Bc7 29. Rf2 Rxf2 0-1

[Event "Westland (SEMO Res/2/44)"]
[Site "?"]
[Date "1985.??.??"]
[Round "?"]
[White "Smith, H.."]
[Black "Cooley, R.."]
[Result "0-1"]
[WhiteElo "1605"]
[BlackElo "1605"]
[PlyCount "62"]
[EventDate "1985.??.??"]

{2/(44)} 1. e4 c6 2. Nf3 d5 3. e5 Bf5 4. d4 h6 5. Nc3 e6 6. Be2 Bb4 7. Bd2 Nd7
8. Nb5 Bxd2+ 9. Qxd2 cxb5 10. Bxb5 a6 11. Ba4 b5 12. Bb3 Ne7 13. a4 O-O 14.
axb5 axb5 15. O-O Nb6 16. Rab1 Nc4 17. Qb4 Qd7 18. Nh4 Bh7 19. Rfe1 Rfb8 20.
Bxc4 bxc4 21. Qc3 Nc6 22. h3 Qb7 23. Ra1 Rxa1 24. Rxa1 Ra8 25. Qe1 Bxc2 26. Qc1
Rxa1 27. Qxa1 Nxd4 28. Nf3 Nxf3+ 29. gxf3 d4 30. b4 cxb3 31. Qxd4 b2 0-1

[Event "Westland (SEMO Res/5/36)"]
[Site "?"]
[Date "1985.??.??"]
[Round "?"]
[White "Smeckert, Dennis"]
[Black "Serwatowski, Felix"]
[Result "1-0"]
[WhiteElo "1605"]
[BlackElo "1605"]
[PlyCount "89"]
[EventDate "1985.??.??"]

{5/(36)} 1. e4 e6 2. d4 d5 3. exd5 exd5 4. Be2 Nf6 5. Nf3 Bd6 6. Bg5 O-O 7. O-O
Re8 8. c4 c5 9. Nc3 h6 10. Bxf6 Qxf6 11. Nxd5 Qd8 12. dxc5 Bxc5 13. Re1 Be6 14.
Qb3 b6 15. Rad1 Nc6 16. a3 Bf5 17. Nb4 Qf6 18. Nxc6 Qxc6 19. Nd4 Qf6 20. Nxf5
Qxf5 21. Qf3 Qc8 22. Bd3 Rxe1+ 23. Rxe1 g6 24. b4 Bd4 25. Bxg6 fxg6 26. Qd5+
Kh7 27. Qxd4 Qf8 28. Qd7+ Qg7 29. Qxg7+ Kxg7 30. c5 Rc8 31. Re7+ Kf6 32. Rxa7
bxc5 33. bxc5 Rxc5 34. g3 Ke6 35. Kg2 Rc3 36. a4 Ra3 37. a5 h5 38. a6 g5 39.
Ra8 Kf6 40. a7 Kg7 41. h3 Kh7 42. Kf1 Ra1+ 43. Ke2 Kg6 44. Rg8+ Kf6 45. a8=Q
1-0

[Event "Westland (SEMO Res/3/40)"]
[Site "?"]
[Date "1985.??.??"]
[Round "?"]
[White "Smeckert, Dennis"]
[Black "McCarter, Robert"]
[Result "0-1"]
[WhiteElo "1605"]
[BlackElo "1605"]
[PlyCount "74"]
[EventDate "1985.??.??"]

{3/(40)} 1. e4 e6 2. d4 d5 3. Nc3 Bb4 4. Nge2 dxe4 5. Bd2 f5 6. Ng3 Nf6 7. Bg5
h6 8. Bb5+ Bd7 9. Bxf6 Qxf6 10. Qh5+ g6 11. Bxd7+ Nxd7 12. Qe2 Qxd4 13. Qe3
Qxe3+ 14. fxe3 O-O-O 15. Nge2 Ne5 16. a3 Bc5 17. Nd1 Ng4 18. b4 Bxe3 19. Nxe3
Nxe3 20. Kf2 Nxc2 21. Ra2 Nd4 22. Nxd4 Rxd4 23. Rc1 Rhd8 24. Rac2 Rd2+ 25. Rxd2
Rxd2+ 26. Kg3 g5 27. h3 h5 28. b5 f4+ 29. Kh2 f3 30. b6 axb6 31. h4 Rxg2+ 32.
Kh1 e3 33. a4 e2 34. a5 bxa5 35. hxg5 Rxg5 36. Re1 f2 37. Rc1 f1=Q+ 0-1

[Event "Westland (SEMO Res/2/36)"]
[Site "?"]
[Date "1985.??.??"]
[Round "?"]
[White "Smeckert, Dennis"]
[Black "Griffin, John"]
[Result "0-1"]
[WhiteElo "1605"]
[BlackElo "1605"]
[PlyCount "122"]
[EventDate "1985.??.??"]

{2/(36)} 1. e4 c5 2. Nf3 Nc6 3. Bb5 Qc7 4. O-O a6 5. Bxc6 bxc6 6. d3 d5 7. exd5
cxd5 8. h3 e6 9. Re1 Ne7 10. c3 Ng6 11. Qb3 Qb7 12. Qxb7 Bxb7 13. Be3 Be7 14.
Nbd2 O-O 15. d4 cxd4 16. Bxd4 Rac8 17. Nf1 Bc5 18. Rad1 Rfe8 19. Bxc5 Rxc5 20.
Ng3 Kf8 21. Ne5 Nxe5 22. Rxe5 f6 23. Re3 g6 24. Rde1 e5 25. Rf3 Rc6 26. Rd3
Rce6 27. f3 Bc6 28. Nf1 R8e7 29. Nd2 Kf7 30. Nb3 Bb5 31. Rxd5 Bc4 32. Rd2 Bxb3
33. axb3 Rb6 34. b4 Ra7 35. Red1 Rbb7 36. Ra1 Ke7 37. Rd5 Rb6 38. b5 Ke6 39. c4
a5 40. Rc5 Kd6 41. Rd5+ Ke7 42. Rd3 Rd6 43. Rda3 Rd4 44. b6 Rb7 45. c5 Kd7 46.
Rxa5 Kc6 47. Rc1 Rbd7 48. Kh2 Rd2 49. b4 Rb2 50. b7 Rxb7 51. Ra6+ Kb5 52. Rxf6
Rc7 53. Rb6+ Ka4 54. Ra1+ Kb3 55. Ra8 Kc4 56. Rab8 Rd7 57. c6 Rdd2 58. Kg3
Rxg2+ 59. Kh4 Rbd2 60. Rf8 Rd4+ 61. f4 exf4 0-1

[Event "East Detroit (MCO/6/28)"]
[Site "?"]
[Date "1985.??.??"]
[Round "?"]
[White "Small, R.."]
[Black "Santus, Nick"]
[Result "1-0"]
[WhiteElo "1605"]
[BlackElo "1650"]
[PlyCount "177"]
[EventDate "1985.??.??"]

{6/(28)} 1. e4 c5 2. Nf3 Nc6 3. Bc4 d6 4. c3 Nf6 5. d3 e6 6. h3 Be7 7. Be3 d5
8. exd5 exd5 9. Bb5 O-O 10. Bxc6 bxc6 11. O-O Qd6 12. Nh2 Re8 13. f4 Bd8 14.
Qf3 Bb6 15. Nd2 Ba6 16. c4 Re7 17. f5 Bc7 18. Bf4 Qxf4 19. Qxf4 Bxf4 20. Rxf4
Rae8 21. Rd1 Re3 22. Rf3 d4 23. Nb3 Nd7 24. Ng4 Rxf3 25. gxf3 Re2 26. Rd2 Rxd2
27. Nxd2 h5 28. Nf2 Ne5 29. Kg2 Bc8 30. f6 gxf6 31. Nde4 f5 32. Nf6+ Kf8 33.
Nxh5 Ng6 34. Kg3 Ke7 35. Nf4 Bd7 36. h4 Kf6 37. Nh5+ Ke7 38. Nf4 Kf6 39. h5 Nf8
40. Kh4 Nh7 41. N2h3 Kg7 42. Ng5 Nxg5 43. Kxg5 f6+ 44. Kh4 Kh6 45. a3 a5 46. b3
Be8 47. Ne6 Bxh5 48. Kg3 Bf7 49. Nxc5 Kg5 50. f4+ Kg6 51. b4 axb4 52. axb4 Bg8
53. Nb3 Be6 54. Nxd4 Bd7 55. Kf2 Kf7 56. Ke3 Ke7 57. Nb3 Kd6 58. Kd4 Be8 59.
Nc5 Kc7 60. Ne6+ Kd6 61. Nc5 Kc7 62. Kc3 Kd6 63. d4 Bf7 64. Nd3 Be8 65. Kb3 Kc7
66. Nb2 Bf7 67. Kc3 Be8 68. c5 Bd7 69. Nc4 Be8 70. Nd6 Bd7 71. Kb3 Be6+ 72. Ka4
Bd7 73. b5 cxb5+ 74. Nxb5+ Kc6 75. Kb4 Be6 76. Nc3 Bf7 77. d5+ Bxd5 78. Nxd5
Kxd5 79. Kb5 Ke4 80. c6 Kxf4 81. c7 Kg3 82. c8=Q f4 83. Qc1 Kf3 84. Qf1+ Ke3
85. Kc5 f3 86. Kd5 f2 87. Ke6 Kf3 88. Kxf6 Ke3 89. Kg5 1-0

[Event "East Detroit (MCO/2/47)"]
[Site "?"]
[Date "1985.??.??"]
[Round "?"]
[White "Small, R.."]
[Black "Klinkner, J.."]
[Result "1-0"]
[WhiteElo "1605"]
[BlackElo "1605"]
[PlyCount "67"]
[EventDate "1985.??.??"]

{2/(47)} 1. e4 e5 2. Nf3 Nc6 3. Bc4 Bc5 4. d3 d6 5. Ng5 Nh6 6. c3 O-O 7. h3 Na5
8. Bb3 Nxb3 9. Qxb3 Qf6 10. Nf3 a6 11. Be3 Bxe3 12. fxe3 b5 13. Nbd2 Be6 14.
Qc2 Qe7 15. O-O f5 16. d4 fxe4 17. Qxe4 d5 18. Qxe5 Rf5 19. Qg3 Raf8 20. Ne5
Rg5 21. Rxf8+ Kxf8 22. Rf1+ Kg8 23. Qh2 Nf5 24. Rf3 Nh4 25. Rg3 Rf5 26. Ndf3
Qf6 27. Ng4 Qf8 28. Nh6+ Kh8 29. Nxf5 Nxf5 30. Rg5 h6 31. Ne5 Qf6 32. Rg6 Qe7
33. Rxh6+ Kg8 34. Rh8+ 1-0

[Event "East Detroit (MCO/4/31)"]
[Site "?"]
[Date "1985.??.??"]
[Round "?"]
[White "Small, R.."]
[Black "Gaines, B.."]
[Result "0-1"]
[WhiteElo "1605"]
[BlackElo "1695"]
[PlyCount "116"]
[EventDate "1985.??.??"]

{4/(31)} 1. e4 Nf6 2. Nc3 e5 3. Nf3 Nc6 4. Bc4 Bc5 5. O-O d6 6. h3 O-O 7. d3 h6
8. Be3 Nd4 9. Bxd4 exd4 10. Ne2 d5 11. exd5 Nxd5 12. Ng3 Be6 13. Re1 Re8 14. a3
c6 15. Qd2 b5 16. Ba2 Bb6 17. Re2 Ba5 18. Qd1 c5 19. Bxd5 Bxd5 20. Rc1 Bc7 21.
Qe1 Bxf3 22. gxf3 Rxe2 23. Qxe2 Qg5 24. f4 Bxf4 25. Qf3 Re8 26. Rf1 a5 27. Kh1
Bd2 28. Ne4 Qf4 29. Qxf4 Bxf4 30. Nxc5 Re2 31. Nb3 Be5 32. Na1 a4 33. Kg2 Kf8
34. Kf3 Rd2 35. Rb1 Ke7 36. b3 Bd6 37. bxa4 bxa4 38. Ke4 Bc5 39. Kd5 Bxa3 40.
Kxd4 Rxf2 41. c4 Bb2+ 42. Kc5 f5 43. d4 Rd2 44. d5 a3 45. Nb3 Rd3 46. Kb4 Kd6
47. Re1 Bc3+ 48. Kxa3 Bxe1 49. Ka4 f4 50. Nc1 Rc3 51. Ne2 Rxc4+ 52. Kb3 Kxd5
53. h4 f3 54. h5 fxe2 55. Kb2 Bc3+ 56. Kb3 e1=Q 57. Kc2 Qd2+ 58. Kb1 Qb2# 0-1

[Event "East Lansing (MI Op/3/32)"]
[Site "?"]
[Date "1985.??.??"]
[Round "?"]
[White "Skidmore, Mike"]
[Black "Mikus, Jim"]
[Result "1-0"]
[WhiteElo "1860"]
[BlackElo "1795"]
[PlyCount "43"]
[EventDate "1985.??.??"]

{3/(32)} 1. e4 c6 2. d4 d5 3. e5 Bf5 4. Nf3 e6 5. Be2 c5 6. c3 cxd4 7. Bb5+ Nd7
8. Nxd4 Bxb1 9. Rxb1 a6 10. Bxd7+ Qxd7 11. O-O f5 12. exf6 gxf6 13. Nxe6 Kf7
14. Re1 Ne7 15. Qg4 Qd6 16. Nd4 h5 17. Qf3 Qd7 18. Re6 Bg7 19. Bg5 Ng8 20. Rbe1
Qd8 21. Nf5 fxg5 22. Nd6# 1-0